| Поле | Инд. | ПП | Название | Значение |
|---|---|---|---|---|
| Тип записи | a | |||
| Библиографический уровень | b | |||
| 001 | Контрольный номер | RU/IS/BASE/148579067 | ||
| 005 | Дата корректировки | 20200601191448.5 | ||
| 084 | a | Индекс другой классификации/Индекс ББК | 66.3(2Рос),15 | |
| a | Индекс другой классификации/Индекс ББК | 60.561.3(2Рос) | ||
| a | Индекс другой классификации/Индекс ББК | 74.200.523(2Рос) | ||
| 100 | 1_ | a | Автор | Самсонова Т. Н. |
| 245 | a | Заглавие | Политическая социализация российских школьников | |
| 504 | a | Библиография | Библиогр. ссылки | |
| 650 | a | Основная рубрика | внутренняя политика | |
| a | Основная рубрика | педагогика | ||
| a | Основная рубрика | педагогика школы | ||
| a | Основная рубрика | политика | ||
| a | Основная рубрика | политическая социология | ||
| a | Основная рубрика | социология | ||
| 653 | a | Ключевые слова | гражданские ценности | |
| a | Ключевые слова | политическая культура | ||
| a | Ключевые слова | политическая социализация | ||
| a | Ключевые слова | политические отношения | ||
| a | Ключевые слова | политические ценности | ||
| a | Ключевые слова | политическое воспитание | ||
| a | Ключевые слова | Россия | ||
| a | Ключевые слова | социализация школьников | ||
| a | Ключевые слова | формирование политических ценностей | ||
| a | Ключевые слова | школьники | ||
| 773 | t | Заглавие источника | Вестник Московского университета. Серия 18, Социология и политология | |
| d | Дата издания источника | 2001 | ||
| g | Прочая информация | № 3. - С. 98 - 105 | ||
| w | Контрольный № источника | RU/IS/BASE/148578725 | ||
| 901 | t | Тип документа | b |